02255nas a22002417a 4500999001700000005001700017007001200034008004100046022001400087040000900101082001400110245009000124260003800214300001600252310001500268365001600283500155500299650005801854651001401912655001801926856004101944942002801985 c40856d4085620200520100542.0cz aa aaaaa200428c f||poo|||| 00| 0 eng d a2664-8660 coclc a300bJOU/ aInternational Journal of Arts, Humanities and Social Studieshe-Journal (Open Access) bPrime PublicationsaDelhi, India  aPDF(online) aSemiannual eOpen Access aInternational Journal of Arts, Humanities and Social Studies is peer-reviewed journal publishing high quality research and review articles on all aspects of humanities, social science, Community and Consumer Sciences, Economics, Political Science, Geography, Philosophy, History, Humanity and Languages concerning with social science, Anthropological, Behavioral Sciences, Sociology, Journalism and Role of Media in social science, Role of NGOs in the protection of environment. Educational Sciences: For School Students, Women, Village and Society, Commerce, Law and Management related with humanities and social science, anthropology, business studies, communication studies, corporate governance, criminology, cross cultural studies, demography, development studies, economics, education, ethics, geography, history, industrial relations, information science, international relations, law, health, linguistics, library science, media studies, methodology, philosophy, political science, population Studies, psychology, public administration, sociology, social welfare, linguistics, literature, paralegal, performing arts, religious studies, visual arts, women studies, economics, international relations, development studies, population studies, political science, history, journalism and mass communication, corporate governance, cross-cultural studies, peace and conflict, library and information science, public administration, psychology, philosophy, sociology, women studies, religious studies, social welfare, anthropology, linguistics, etc. 0aSocial sciencesvSocial sciences928xSocial sciences 0915aIndia 0918ae-Journal uhttp://www.socialstudiesjournal.com/ 2ddccEJh300k300mJOU/